[Event "Montreal Mercredi 04"]
[Site "Montreal"]
[Date "2011.04.27"]
[Round "4"]
[White "Levkovsky, Alexandre"]
[Black "Dumont, Felix"]
[Result "1/2-1/2"]
[WhiteElo "2253"]
[BlackElo "1996"]
[PlyCount "86"]
[EventDate "2011.04.06"]
[EventType "tourn"]
[EventRounds "5"]
[EventCountry "CAN"]
[SourceTitle "OM OTB B 201907"]
[Source "Opening Master"]
[SourceDate "2019.07.06"]
[SourceVersion "2"]
[SourceVersionDate "2019.07.06"]
[SourceQuality "1"]

1. e4 c5 2. Nf3 d6 3. d4 cxd4 4. Nxd4 Nf6 5. Nc3 Nc6 6. Be2 e5 7. Nb3 Be7 8.
O-O O-O 9. Be3 a5 10. a4 Nb4 11. f4 Be6 12. f5 Bxb3 13. cxb3 d5 14. exd5 Nfxd5
15. Bf2 Nf4 16. Bc4 Nfd3 17. Be3 Nxb2 18. Qxd8 Rfxd8 19. Bb6 Rdc8 20. Nd5 Bd6
21. Bf2 Nxc4 22. bxc4 Bc5 23. Rab1 Bxf2+ 24. Rxf2 Nxd5 25. cxd5 Rd8 26. Rb5 Rd6
27. Rc2 h5 28. Rcc5 Rad8 29. Rxb7 Rxd5 30. Rxd5 Rxd5 31. Rb5 Rd4 32. Rxa5 f6
33. g3 Kh7 34. h4 Rd3 35. Kf2 Rd2+ 36. Kf3 Rd3+ 37. Kf2 Rd2+ 38. Ke3 Rg2 39.
Kf3 Ra2 40. Ra8 Ra3+ 41. Kg2 Ra2+ 42. Kf3 Ra3+ 43. Kf2 Ra2+ 1/2-1/2

[Event "Memorial Nicola Palladino A"]
[Site "Milano ITA"]
[Date "2011.04.25"]
[Round "6"]
[White "Attuati, Stefano"]
[Black "Pegoraro, Nicola"]
[Result "1/2-1/2"]
[WhiteElo "1958"]
[BlackElo "2016"]
[PlyCount "122"]
[EventDate "2011.04.21"]
[SourceTitle "OM OTB B 201907"]
[Source "Opening Master"]
[SourceDate "2019.07.06"]
[SourceVersion "2"]
[SourceVersionDate "2019.07.06"]
[SourceQuality "1"]

1. e4 c5 2. Nf3 Nc6 3. d4 cxd4 4. Nxd4 Nf6 5. Nc3 d6 6. Be2 e5 7. Nb3 Be7 8. g4
Be6 9. g5 Nd7 10. Nd5 Nc5 11. Nxc5 dxc5 12. c3 O-O 13. Rg1 f5 14. gxf6 Bxf6 15.
Be3 b6 16. Bg4 Bf7 17. Bf5 Bxd5 18. exd5 Ne7 19. Be4 Qd6 20. Qh5 g6 21. O-O-O
Bg7 22. Qg4 Nf5 23. Bg5 Kh8 24. h4 Nh6 25. Qe6 Rad8 26. Qxd6 Rxd6 27. Be7 Nf7
28. h5 Re8 29. Bxd6 Nxd6 30. f3 g5 31. Kc2 h6 32. Rb1 Bf8 33. Bg6 Re7 34. Rge1
Bg7 35. b3 Bf6 36. c4 Kg7 37. Kd3 a5 38. a3 Rc7 39. b4 axb4 40. axb4 Ra7 41.
bxc5 Ra3+ 42. Ke2 bxc5 43. Rec1 Be7 44. Bd3 Ra2+ 45. Ke3 g4 46. Rc2 Bg5+ 47.
Ke2 gxf3+ 48. Kxf3 Ra3 49. Ke2 e4 50. Bxe4 Re3+ 51. Kd1 Rxe4 52. Rb6 Rd4+ 53.
Ke2 Nxc4 54. Rc6 Be7 55. Rg6+ Kh7 56. d6 Nxd6 57. Rxc5 Re4+ 58. Kd3 Re1 59. Rc7
Nf7 60. Kd4 Ng5 61. Kd5 Re2 1/2-1/2

[Event "FRA-ch U14"]
[Site "Montlucon"]
[Date "2011.04.23"]
[Round "8"]
[White "Venou, Randjit"]
[Black "Dumas, Charles"]
[Result "0-1"]
[WhiteElo "1693"]
[BlackElo "1806"]
[PlyCount "110"]
[EventDate "2011.04.17"]
[EventType "swiss"]
[EventRounds "9"]
[EventCountry "FRA"]
[SourceTitle "OM OTB B 201907"]
[Source "Opening Master"]
[SourceDate "2019.07.06"]
[SourceVersion "2"]
[SourceVersionDate "2019.07.06"]
[SourceQuality "1"]

1. e4 c5 2. Nf3 Nc6 3. d4 cxd4 4. Nxd4 Nf6 5. Nc3 d6 6. Be2 e5 7. Nb3 Be7 8.
Be3 Be6 9. O-O O-O 10. h3 a5 11. Nd2 d5 12. exd5 Nxd5 13. Nxd5 Bxd5 14. Nf3 Be6
15. Qxd8 Rfxd8 16. Bb6 e4 17. Bxd8 exf3 18. Bxe7 fxe2 19. Rfe1 Nxe7 20. Rxe2
Rd8 21. b3 g6 22. c4 Nc6 23. Kf1 Bf5 24. Ke1 Nb4 25. Rd1 Rxd1+ 26. Kxd1 Kf8 27.
g4 Be6 28. f4 Nd3 29. Rd2 Nxf4 30. Rd8+ Kg7 31. Ra8 Nxh3 32. Rxa5 Bxg4+ 33. Ke1
h5 34. Rb5 Bf3 35. a4 h4 36. a5 g5 37. Rf5 g4 38. c5 Kg6 39. Rxf3 gxf3 40. c6
bxc6 41. a6 Ng5 42. a7 h3 43. a8=Q h2 44. Qh8 Nh7 45. Qg8+ Kh6 46. Qxf7 h1=Q+
47. Kf2 Qh2+ 48. Ke3 Qe5+ 49. Kf2 Qe2+ 50. Kg3 Qg2+ 51. Kf4 f2 52. Qe6+ Kh5 53.
Qe8+ Kh4 54. Qd8+ Qg5+ 55. Qxg5+ Nxg5 0-1

[Event "Memorial Nicola Palladino A"]
[Site "Milano ITA"]
[Date "2011.04.23"]
[Round "4"]
[White "Bonassi, Tommaso"]
[Black "Basso, Pier Luigi"]
[Result "0-1"]
[WhiteElo "1865"]
[BlackElo "1996"]
[PlyCount "68"]
[EventDate "2011.04.21"]
[SourceTitle "OM OTB B 201907"]
[Source "Opening Master"]
[SourceDate "2019.07.06"]
[SourceVersion "2"]
[SourceVersionDate "2019.07.06"]
[SourceQuality "1"]

1. e4 c5 2. Nf3 Nc6 3. d4 cxd4 4. Nxd4 Nf6 5. Nc3 d6 6. Be2 e5 7. Nb3 Be7 8.
Be3 O-O 9. g4 a5 10. g5 Nd7 11. Rg1 a4 12. Nd2 Nd4 13. Bc4 Nb6 14. Nd5 a3 15.
b3 Nxd5 16. Bxd5 Be6 17. Bxd4 Bxd5 18. exd5 exd4 19. Qg4 Rc8 20. O-O-O Qc7 21.
Qe4 Qc3 22. Nc4 Qa1+ 23. Kd2 Qc3+ 24. Kc1 b5 25. Rg3 Qa1+ 26. Kd2 Qxa2 27. Qxe7
bxc4 28. g6 cxb3 29. gxf7+ Rxf7 30. Rxg7+ Kxg7 31. Rg1+ Kh8 32. Qxf7 Qxc2+ 33.
Ke1 Qe4+ 34. Kd1 Rc1+ 0-1

[Event "SVR-ch MTB 34th"]
[Site "Reil"]
[Date "2011.04.22"]
[Round "8"]
[White "Klein, Maximilian"]
[Black "Daumen, Michael"]
[Result "0-1"]
[WhiteElo "1977"]
[BlackElo "2130"]
[PlyCount "66"]
[EventDate "2011.04.15"]
[EventType "tourn"]
[EventRounds "9"]
[EventCountry "GER"]
[SourceTitle "OM OTB B 201907"]
[Source "Opening Master"]
[SourceDate "2019.07.06"]
[SourceVersion "2"]
[SourceVersionDate "2019.07.06"]
[SourceQuality "1"]

1. e4 c5 2. Nf3 d6 3. d4 cxd4 4. Nxd4 Nf6 5. Nc3 Nc6 6. Be2 e5 7. Nb3 h6 8. O-O
Be7 9. Kh1 O-O 10. f4 exf4 11. Bxf4 a6 12. a4 Ne5 13. Qe1 Ng6 14. Be3 Re8 15.
Nd5 Nxd5 16. exd5 Bh4 17. Bf2 Bg4 18. Bxh4 Nxh4 19. Nd4 Bxe2 20. Nxe2 Qg5 21.
Qf2 Qxg2+ 22. Qxg2 Nxg2 23. Nc3 Ne3 24. Rf2 Re5 25. Rd2 Rc8 26. Re1 Rce8 27.
Ree2 f5 28. Rd4 g5 29. Rb4 R8e7 30. Rb6 Rd7 31. b4 f4 32. b5 f3 33. Rxe3 Rxe3
0-1

[Event "Delft Prinsenstad op-A"]
[Site "Delft"]
[Date "2011.04.22"]
[Round "1"]
[White "Van Loenen, Daniel"]
[Black "Haast, Mark"]
[Result "0-1"]
[WhiteElo "2058"]
[BlackElo "2268"]
[PlyCount "42"]
[EventDate "2011.04.22"]
[EventType "swiss"]
[EventRounds "6"]
[EventCountry "NED"]
[SourceTitle "OM OTB B 201907"]
[Source "Opening Master"]
[SourceDate "2019.07.06"]
[SourceVersion "2"]
[SourceVersionDate "2019.07.06"]
[SourceQuality "1"]

1. e4 c5 2. Nf3 Nc6 3. d4 cxd4 4. Nxd4 Nf6 5. Nc3 d6 6. Be2 e5 7. Nb3 Be7 8.
O-O O-O 9. Be3 a5 10. a4 Be6 11. Nd2 Rc8 12. f3 Nb4 13. Rc1 d5 14. exd5 Rxc3
15. bxc3 Nfxd5 16. cxb4 Nxe3 17. Qe1 Bxb4 18. c3 Bc5 19. Rf2 Nxg2 20. Kxg2 Qg5+
21. Kh1 Bxf2 0-1

[Event "FRA-ch U12 Girls"]
[Site "Montlucon"]
[Date "2011.04.21"]
[Round "6"]
[White "Hadji, Rasmie"]
[Black "Malferrari, Sofia"]
[Result "1/2-1/2"]
[WhiteElo "1440"]
[BlackElo "1606"]
[PlyCount "46"]
[EventDate "2011.04.17"]
[EventType "swiss"]
[EventRounds "9"]
[EventCountry "FRA"]
[SourceTitle "OM OTB B 201907"]
[Source "Opening Master"]
[SourceDate "2019.07.06"]
[SourceVersion "2"]
[SourceVersionDate "2019.07.06"]
[SourceQuality "1"]

1. e4 c5 2. Nf3 Nc6 3. d4 cxd4 4. Nxd4 Nf6 5. Nc3 d6 6. Be2 e5 7. Nf3 Be7 8.
O-O O-O 9. Bc4 Be6 10. Bd5 Bxd5 11. exd5 Nb8 12. Bg5 Nbd7 13. Qd2 Nc5 14. Rfe1
Rc8 15. Bxf6 Bxf6 16. Ne4 Nxe4 17. Rxe4 Qd7 18. c3 Be7 19. Rb4 f5 20. Ng5 Bxg5
21. Qxg5 Qf7 22. Qd2 Rc5 23. Rd1 f4 1/2-1/2

[Event "HUN-chT2 Charousek 1011"]
[Site "Hungary"]
[Date "2011.04.17"]
[Round "9"]
[White "Farkas, Zsolt"]
[Black "Pergel, Laszlo"]
[Result "1/2-1/2"]
[WhiteElo "2195"]
[BlackElo "2270"]
[PlyCount "85"]
[EventDate "2010.09.12"]
[EventType "team-tourn"]
[EventRounds "11"]
[EventCountry "HUN"]
[SourceTitle "OM OTB B 201907"]
[Source "Opening Master"]
[SourceDate "2019.07.06"]
[SourceVersion "2"]
[SourceVersionDate "2019.07.06"]
[SourceQuality "1"]

1. e4 c5 2. Nf3 Nc6 3. d4 cxd4 4. Nxd4 Nf6 5. Nc3 d6 6. Be2 e5 7. Nb3 Be7 8.
O-O O-O 9. Kh1 a5 10. a4 Be6 11. f4 Nb4 12. f5 Bxb3 13. cxb3 d5 14. exd5 Nbxd5
15. Nxd5 Qxd5 16. Bf3 Qxd1 17. Rxd1 e4 18. Be2 Bb4 19. Bg5 Rfd8 20. Rxd8+ Rxd8
21. Bxf6 gxf6 22. Rd1 Rxd1+ 23. Bxd1 Kf8 24. Kg1 Ke7 25. Kf2 Kd6 26. Bh5 Ke5
27. Bxf7 Kxf5 28. Bd5 b6 29. Ke3 Bc5+ 30. Ke2 Bd4 31. h3 Ke5 32. Bc6 Bxb2 33.
Bb7 Bd4 34. Bc6 Bc5 35. Bb7 f5 36. Bc6 h6 37. Bb7 h5 38. Bc6 h4 39. Bb7 Kf4 40.
Bc6 Kg3 41. Kf1 Bd4 42. Bb7 Bc5 43. Bc6 1/2-1/2

[Event "IRT Open Distrital ABRIL"]
[Site "Liga de Ajedrez de Bogota - B"]
[Date "2011.04.17"]
[Round "7.5"]
[White "Ruiz Castillo, Joshua Daniel"]
[Black "Pinzon, Jairo David"]
[Result "0-1"]
[WhiteElo "2137"]
[BlackElo "2169"]
[PlyCount "96"]
[EventDate "2011.04.14"]
[EventRounds "7"]
[EventCountry "COL"]
[SourceTitle "OM OTB B 201907"]
[Source "Opening Master"]
[SourceDate "2019.07.06"]
[SourceVersion "2"]
[SourceVersionDate "2019.07.06"]
[SourceQuality "1"]

1. e4 c5 2. Nf3 d6 3. d4 cxd4 4. Nxd4 Nf6 5. Nc3 Nc6 6. Be2 e5 7. Nb3 Be7 8.
O-O Be6 9. f4 exf4 10. Bxf4 O-O 11. Nd4 Qb6 12. Be3 Qxb2 13. Qd2 Nxd4 14. Bxd4
Qa3 15. Nb5 Qa4 16. Nc7 Nxe4 17. Qe3 d5 18. Nxa8 Rxa8 19. c3 Rc8 20. Bd3 Rxc3
21. Bb5 Rxe3 22. Bxa4 Rd3 23. Rfd1 Rxd4 24. Rxd4 Bc5 25. Rad1 Nc3 26. Kf1 Nxd1
27. Rxd1 d4 28. Bb3 Bd7 29. Bc4 g6 30. Bd3 f5 31. Ke2 Kf7 32. h4 Bc6 33. Kf2
Kf6 34. Re1 Bb4 35. Rb1 Bd2 36. g3 Be3+ 37. Ke2 h6 38. Bb5 Bd5 39. a4 g5 40.
hxg5+ hxg5 41. Rb2 f4 42. gxf4 gxf4 43. Rc2 f3+ 44. Kf1 Be6 45. Rh2 Bf5 46. Rh8
Kg7 47. Rh5 Kg6 48. Be8+ Kf6 0-1

[Event "BUL-ch (Women) 60th"]
[Site "Bankia"]
[Date "2011.04.17"]
[Round "7"]
[White "Zlatanova, Emilia"]
[Black "Ivanova, Simoneta"]
[Result "1-0"]
[WhiteElo "2024"]
[BlackElo "1871"]
[PlyCount "65"]
[EventDate "2011.04.12"]
[EventType "tourn"]
[EventRounds "11"]
[EventCountry "BUL"]
[SourceTitle "OM OTB B 201907"]
[Source "Opening Master"]
[SourceDate "2019.07.06"]
[SourceVersion "2"]
[SourceVersionDate "2019.07.06"]
[SourceQuality "1"]

1. e4 c5 2. Nf3 d6 3. d4 cxd4 4. Nxd4 Nf6 5. Nc3 Nc6 6. Be2 e5 7. Nf3 Be7 8.
Bg5 O-O 9. O-O a6 10. a4 Be6 11. Bxf6 Bxf6 12. Nd5 Bxd5 13. Qxd5 Qc7 14. c3
Rad8 15. Rfd1 Ne7 16. Qa2 Qc6 17. Nd2 Bg5 18. Nf1 Qxe4 19. Bf3 Qg6 20. Bxb7 a5
21. Bd5 Kh8 22. b4 Rc8 23. Qb3 Rb8 24. b5 Rb6 25. c4 e4 26. Qc3 Nxd5 27. Rxd5
Ra8 28. Rad1 f5 29. Qd4 Rbb8 30. Rxd6 Qh5 31. Ng3 Qg4 32. h3 Qf4 33. Nh5 1-0

[Event "Catalunya-ch U16"]
[Site "Vilaseca"]
[Date "2011.04.17"]
[Round "2.1"]
[White "Sanchez Alegria, Jose Manuel"]
[Black "Sanchez Ibern, Marc"]
[Result "0-1"]
[WhiteElo "1814"]
[BlackElo "2293"]
[PlyCount "74"]
[EventDate "2011.04.16"]
[EventType "swiss"]
[EventRounds "8"]
[EventCountry "ESP"]
[SourceTitle "OM OTB B 201907"]
[Source "Opening Master"]
[SourceDate "2019.07.06"]
[SourceVersion "2"]
[SourceVersionDate "2019.07.06"]
[SourceQuality "1"]

1. e4 c5 2. Nf3 Nc6 3. d4 cxd4 4. Nxd4 d6 5. Nc3 Nf6 6. Be2 e5 7. Nb3 Be7 8.
O-O O-O 9. Bg5 Nxe4 10. Nxe4 Bxg5 11. Qxd6 Be7 12. Qxd8 Rxd8 13. c3 b6 14. Rad1
Be6 15. Rxd8+ Rxd8 16. Rd1 Rxd1+ 17. Bxd1 f5 18. Ned2 Bg5 19. Nf3 Bf6 20. Be2
Kf7 21. Nfd2 g5 22. Bc4 h6 23. Kf1 Ne7 24. Bxe6+ Kxe6 25. Nc1 h5 26. c4 e4 27.
b4 Bc3 28. Ncb3 Bxb4 29. Ke2 Ke5 30. Ke3 f4+ 31. Ke2 Nf5 32. Nb1 Nd4+ 33. Kd1
Nxb3 34. axb3 e3 35. Ke2 Ke4 36. f3+ Kd4 37. g3 h4 0-1

[Event "FICS unrated standard game"]
[Site "FICS freechess.org"]
[Date "2011.04.17"]
[Round "?"]
[White "WGMHrabinska"]
[Black "IMAshwin"]
[Result "0-1"]
[WhiteElo "2278"]
[BlackElo "2439"]
[PlyCount "47"]
[EventDate "2011.??.??"]

1. e4 c5 2. Nf3 d6 3. d4 cxd4 4. Nxd4 Nf6 5. Nc3 Nc6 6. Be2 e5 7. Nf3 h6 8. Bc4
Be7 9. h3 a6 10. Be3 Qc7 11. Nd5 Nxd5 12. Bxd5 Be6 13. O-O O-O 14. c4 a5 15. b3
Nb4 16. Bxe6 fxe6 17. Nd2 Qc6 18. a3 Nd3 19. Qc2 Nf4 20. Rfe1 Bd8 21. b4 Bb6
22. c5 Bc7 23. Rab1 axb4 24. axb4 0-1

[Event "FICGS__CHESS__WCH_STAGE_1_GROUP_11__000"]
[Site "FICGS"]
[Date "2011.04.15"]
[Round "1"]
[White "Legrand, Jonathan"]
[Black "Hasyn, Thomas"]
[Result "0-1"]
[WhiteElo "1900"]
[BlackElo "1782"]
[PlyCount "38"]
[EventDate "2011.??.??"]

1. e4 c5 2. Nf3 d6 3. d4 cxd4 4. Nxd4 Nf6 5. Nc3 Nc6 6. Be2 e5 7. Ndb5 a6 8.
Na3 b5 9. Nd5 Nxe4 10. Bf3 f5 11. Be3 Rb8 12. O-O Ne7 13. Bxe4 fxe4 14. c3 Nxd5
15. Qxd5 Bb7 16. Qe6+ Qe7 17. Qh3 Qf7 18. Nc2 Be7 19. f4 exf3 0-1

[Event "Tournament (open)"]
[Site "Groningen (Netherlands)"]
[Date "2011.04.13"]
[Round "7"]
[White "Rietveld, Renze"]
[Black "Bosker, Peter"]
[Result "1/2-1/2"]
[WhiteElo "2291"]
[BlackElo "2202"]
[PlyCount "37"]
[EventDate "2011.??.??"]
[EventRounds "7"]
[EventCountry "NED"]
[SourceTitle "OM OTB B 201907"]
[Source "Opening Master"]
[SourceDate "2019.07.06"]
[SourceVersion "2"]
[SourceVersionDate "2019.07.06"]
[SourceQuality "1"]

1. e4 c5 2. Nf3 d6 3. d4 cxd4 4. Nxd4 Nf6 5. Nc3 Nc6 6. Be2 e5 7. Nb3 Be6 8.
O-O d5 9. exd5 Nxd5 10. Nxd5 Qxd5 11. Qxd5 Bxd5 12. Rd1 O-O-O 13. Be3 Be7 14.
c3 h6 15. Nc5 f5 16. f3 Bf7 17. Bd3 g6 18. Bb5 Bd6 19. Bf2 1/2-1/2

[Event "Zagreb op-B"]
[Site "Zagreb"]
[Date "2011.04.13"]
[Round "3"]
[White "Ivekovic, Bozidar1"]
[Black "Jelecevic, Ivo"]
[Result "1/2-1/2"]
[WhiteElo "2106"]
[BlackElo "2183"]
[PlyCount "106"]
[EventDate "2011.04.11"]
[EventType "swiss"]
[EventRounds "9"]
[EventCountry "CRO"]
[SourceTitle "OM OTB B 201907"]
[Source "Opening Master"]
[SourceDate "2019.07.06"]
[SourceVersion "2"]
[SourceVersionDate "2019.07.06"]
[SourceQuality "1"]

1. e4 c5 2. Nf3 d6 3. d4 Nf6 4. Nc3 cxd4 5. Nxd4 Nc6 6. Be2 e5 7. Nb3 Be7 8.
O-O Be6 9. Kh1 Rc8 10. f4 exf4 11. Bxf4 a6 12. Bf3 O-O 13. Nd5 Bxd5 14. exd5
Ne5 15. Nd4 Re8 16. Nf5 Bf8 17. Bg5 h6 18. Bh4 g6 19. Ne3 Qb6 20. Bxf6 Qxe3 21.
c3 Bg7 22. Bxe5 Rxe5 23. Qb3 Re7 24. Qb4 Be5 25. Rae1 Qxe1 26. Rxe1 Bxc3 27.
Rxe7 Bxb4 28. g3 Rc1+ 29. Kg2 Rc2+ 30. Re2 Bd2 31. b3 Rxa2 32. Be4 Rb2 33. Bd3
Kg7 34. Kf3 Kf6 35. Ke4 Kg5 36. Kd4 b5 37. Ke4 Kg4 38. Kd4 g5 39. Re6 Rxb3 40.
Be2+ Kh3 41. Rxh6+ Kg2 42. Rxd6 Kxh2 43. Rxa6 Kxg3 44. Kc5 f5 45. Bxb5 f4 46.
d6 Bb4+ 47. Kc4 Rb2 48. d7 Be7 49. Re6 Rb4+ 50. Kd3 Rxb5 51. Rxe7 Rd5+ 52. Ke4
Rd6 53. Re5 Rxd7 1/2-1/2

[Event "Oberliga Ost-B 1011"]
[Site "Germany"]
[Date "2011.04.10"]
[Round "11.4"]
[White "Trumpp, Lothar"]
[Black "Legde, Georg"]
[Result "0-1"]
[WhiteElo "2100"]
[BlackElo "2326"]
[PlyCount "54"]
[EventDate "2010.10.24"]
[EventType "team-tourn"]
[EventRounds "11"]
[EventCountry "GER"]
[SourceTitle "OM OTB B 201907"]
[Source "Opening Master"]
[SourceDate "2019.07.06"]
[SourceVersion "2"]
[SourceVersionDate "2019.07.06"]
[SourceQuality "1"]

1. Nc3 c5 2. Nf3 Nc6 3. d4 cxd4 4. Nxd4 d6 5. e4 Nf6 6. Be2 e5 7. Nf3 h6 8. Bc4
Be7 9. h3 O-O 10. O-O a6 11. a4 Be6 12. Bxe6 fxe6 13. Be3 d5 14. exd5 exd5 15.
Ne2 d4 16. Bc1 Bc5 17. Ng3 Qd5 18. Re1 e4 19. Nh2 Rae8 20. Nhf1 h5 21. Nh2 h4
22. Ngf1 Qf5 23. f3 d3+ 24. Be3 exf3 25. Qxf3 Qg5 26. Kh1 Bxe3 27. Nxe3 d2 0-1

[Event "HUN-chT2 Maroczy 1011"]
[Site "Hungary"]
[Date "2011.04.10"]
[Round "8"]
[White "Jamalia, Natalia"]
[Black "Kulmany, Istvan Mihaly"]
[Result "1/2-1/2"]
[WhiteElo "1924"]
[BlackElo "2047"]
[PlyCount "66"]
[EventDate "2010.09.12"]
[EventType "team-tourn"]
[EventRounds "11"]
[EventCountry "HUN"]
[SourceTitle "OM OTB B 201907"]
[Source "Opening Master"]
[SourceDate "2019.07.06"]
[SourceVersion "2"]
[SourceVersionDate "2019.07.06"]
[SourceQuality "1"]

1. e4 c5 2. Nf3 Nc6 3. d4 cxd4 4. Nxd4 Nf6 5. Nc3 d6 6. Be2 e5 7. Nf3 h6 8. O-O
Be7 9. h3 Be6 10. Re1 O-O 11. Bf1 Rc8 12. a3 Qc7 13. Be3 Rfd8 14. Nd5 Bxd5 15.
exd5 Nb8 16. c4 Nbd7 17. Rc1 Rf8 18. Nh2 Nh7 19. Kh1 f5 20. b4 b6 21. g4 Bg5
22. gxf5 Bxe3 23. fxe3 Rxf5 24. Bd3 Rff8 25. Rf1 Rxf1+ 26. Qxf1 Rf8 27. Qg2
Ndf6 28. Ng4 Nxg4 29. Qxg4 Qf7 30. Rf1 Qe7 31. Bxh7+ Kxh7 32. Rxf8 Qxf8 33. Kg2
Qe7 1/2-1/2

[Event "CRO-chT3 Center-A"]
[Site "Zagreb"]
[Date "2011.04.10"]
[Round "6.56"]
[White "Ugrin, Dragan"]
[Black "Sliepcevic, Mladen"]
[Result "0-1"]
[WhiteElo "2109"]
[BlackElo "2186"]
[PlyCount "120"]
[EventDate "2011.03.13"]
[EventType "team-tourn"]
[EventRounds "11"]
[EventCountry "CRO"]
[SourceTitle "OM OTB B 201907"]
[Source "Opening Master"]
[SourceDate "2019.07.06"]
[SourceVersion "2"]
[SourceVersionDate "2019.07.06"]
[SourceQuality "1"]

1. e4 c5 2. Nf3 d6 3. d4 cxd4 4. Nxd4 Nf6 5. Nc3 Nc6 6. Be2 e5 7. Nb3 Be7 8.
Bg5 Be6 9. Qd2 a5 10. Rd1 a4 11. Nc1 Qb6 12. Be3 Qa5 13. a3 O-O 14. O-O Rfd8
15. f3 d5 16. Nxd5 Nxd5 17. Qxa5 Rxa5 18. exd5 Raxd5 19. Rxd5 Rxd5 20. Bc4 Bc5
21. Bxc5 Rxc5 22. Bxe6 fxe6 23. c3 Rd5 24. Rf2 Na5 25. Rc2 Nc4 26. Kf2 Rd1 27.
Ke2 Rg1 28. Kf2 Rd1 29. Ke2 Nxb2 30. Rxb2 Rxc1 31. Kd3 Ra1 32. Rxb7 Rxa3 33. h4
Ra2 34. g4 a3 35. Ra7 Ra1 36. Kc4 Rf1 37. Rxa3 Rxf3 38. Kc5 Rf4 39. Kd6 Kf7 40.
Ra7+ Kf6 41. g5+ Kf5 42. h5 e4 43. Ra5+ Kg4 44. Re5 Kf3 45. c4 e3 46. c5 e2 47.
c6 Re4 48. Rxe4 Kxe4 49. c7 e1=Q 50. c8=Q Qg3+ 51. Kd7 Qxg5 52. Qc2+ Kf4 53.
Qxh7 e5 54. Ke8 e4 55. Kf8 e3 56. Qxg7 Qxh5 57. Qd4+ Kf3 58. Qd1+ e2 59. Qd3+
Kf2 60. Qd4+ Kg2 0-1

[Event "Skopje Karposh op"]
[Site "Skopje"]
[Date "2011.04.09"]
[Round "9"]
[White "Cvetkovski, Slobodan"]
[Black "Stojkovska, Monika"]
[Result "1-0"]
[WhiteElo "1972"]
[BlackElo "1914"]
[PlyCount "33"]
[EventDate "2011.04.02"]
[EventType "swiss"]
[EventRounds "9"]
[EventCountry "MKD"]
[SourceTitle "OM OTB B 201907"]
[Source "Opening Master"]
[SourceDate "2019.07.06"]
[SourceVersion "2"]
[SourceVersionDate "2019.07.06"]
[SourceQuality "1"]

1. e4 c5 2. Nf3 d6 3. d4 cxd4 4. Nxd4 Nf6 5. Nc3 Nc6 6. Be2 e5 7. Ndb5 a6 8.
Na3 b5 9. Nd5 Nxe4 10. Bf3 f5 11. Be3 Rb8 12. Nc3 Ne7 13. Nxe4 fxe4 14. Bxe4 d5
15. Qh5+ Ng6 16. Bxg6+ hxg6 17. Qxe5+ 1-0

[Event "V Obert d'escacs Vilafranca del Penedč"]
[Site "Vilafranca del Penedčs"]
[Date "2011.04.08"]
[Round "1.1"]
[White "Albet Serra, Joan"]
[Black "Draghici Flutur, Gavril"]
[Result "1/2-1/2"]
[WhiteElo "1714"]
[BlackElo "2126"]
[PlyCount "93"]
[EventDate "2011.04.08"]
[EventRounds "8"]
[EventCountry "ESP"]
[SourceTitle "OM OTB B 201907"]
[Source "Opening Master"]
[SourceDate "2019.07.06"]
[SourceVersion "2"]
[SourceVersionDate "2019.07.06"]
[SourceQuality "1"]

1. e4 c5 2. Nf3 Nc6 3. d4 cxd4 4. Nxd4 Nf6 5. Nc3 d6 6. Be2 e5 7. Nb3 Be7 8.
O-O O-O 9. Be3 a5 10. f3 a4 11. Nd2 a3 12. Qc1 Be6 13. Bc4 Bxc4 14. Nxc4 d5 15.
exd5 b5 16. Nb6 Nd4 17. Nxa8 b4 18. Bxd4 exd4 19. Ne4 Nxd5 20. bxa3 f5 21. Ng3
Qxa8 22. axb4 Bxb4 23. Qg5 Ne3 24. Nh5 Qa7 25. Rf2 Qf7 26. Ng3 Rc8 27. Qf4 Bc5
28. Kh1 Qd5 29. Rb1 Qxa2 30. Rb8 Qa1+ 31. Nf1 Qa6 32. Rxc8+ Qxc8 33. Nxe3 dxe3
34. Qc4+ Kh8 35. Re2 Qd8 36. g3 Qe7 37. Qb3 h6 38. Qb8+ Kh7 39. Qf4 Qe6 40. g4
fxg4 41. Qxg4 Qf6 42. Qe4+ Kh8 43. Qa8+ Kh7 44. Qe4+ Kh8 45. Qe8+ Kh7 46. Qe4+
Kh8 47. Qe8+ 1/2-1/2

[Event "ch-CHN w 2011"]
[Site "Xinghua Jiangsu CHN"]
[Date "2011.04.06"]
[Round "7"]
[White "Wang Yu A (wh)"]
[Black "Ju Wenjun (bl)"]
[Result "1/2-1/2"]
[WhiteElo "2398"]
[BlackElo "2519"]
[PlyCount "86"]
[EventDate "2011.??.??"]

1. e4 c5 2. Nf3 Nc6 3. d4 cxd4 4. Nxd4 Nf6 5. Nc3 d6 6. Be2 e5 7. Nb3 Be7 8.
Be3 a5 9. O-O O-O 10. Nd2 Be6 11. Nc4 b5 12. Nxb5 Nxe4 13. f3 Rb8 14. fxe4 Rxb5
15. b3 Rb8 16. c3 d5 17. exd5 Bxd5 18. Qc2 Qc7 19. Rad1 Be6 20. Bf3 Bxc4 21.
bxc4 Nd8 22. Bd5 Ne6 23. Kh1 Nf4 24. Be4 g6 25. g3 Nh5 26. Bh6 Rfd8 27. Bd5 Nf6
28. Qf2 Rb6 29. Be3 Ra6 30. Bg5 Kg7 31. Qe3 Nxd5 32. Bh6+ Kg8 33. cxd5 f5 34.
Rfe1 Bf6 35. Bg5 Bxg5 36. Qxg5 Rd7 37. Qe3 e4 38. Qd4 Rb6 39. c4 Rb4 40. Rc1
Qb8 41. Re2 Qd8 42. Qe5 Re7 43. Qd4 Rd7 1/2-1/2

[Event "CRO-chT3 Center-A"]
[Site "Zagreb"]
[Date "2011.04.03"]
[Round "4.66"]
[White "Krizanovic, Ante"]
[Black "Sliepcevic, Mladen"]
[Result "1/2-1/2"]
[WhiteElo "1937"]
[BlackElo "2186"]
[PlyCount "105"]
[EventDate "2011.03.13"]
[EventType "team-tourn"]
[EventRounds "11"]
[EventCountry "CRO"]
[SourceTitle "OM OTB B 201907"]
[Source "Opening Master"]
[SourceDate "2019.07.06"]
[SourceVersion "2"]
[SourceVersionDate "2019.07.06"]
[SourceQuality "1"]

1. e4 c5 2. Nf3 d6 3. d4 cxd4 4. Nxd4 Nf6 5. Nc3 Nc6 6. Be2 e5 7. Nf3 h6 8. h3
Be6 9. Be3 Be7 10. Qd2 Qa5 11. Nb5 Qxd2+ 12. Nxd2 O-O 13. Nc7 Rac8 14. Nxe6
fxe6 15. c3 d5 16. exd5 exd5 17. Nf3 b6 18. Bb5 Bc5 19. Bxc5 bxc5 20. Bxc6 Rxc6
21. Nxe5 Re6 22. f4 Nh5 23. O-O Nxf4 24. Rae1 Rf5 25. Nf3 Rxe1 26. Rxe1 Nxh3+
27. gxh3 Rxf3 28. Rd1 Rf5 29. b4 d4 30. cxd4 cxb4 31. d5 Kf7 32. d6 Ke8 33.
Re1+ Kd7 34. Re7+ Kxd6 35. Rxa7 Rg5+ 36. Kf2 Kc5 37. Rc7+ Kd4 38. Rb7 Kc4 39.
Rc7+ Kb5 40. Rb7+ Kc5 41. Rc7+ Kb6 42. Rc4 Kb5 43. Rc7 Rf5+ 44. Kg3 g5 45. h4
gxh4+ 46. Kxh4 Rc5 47. Rd7 Kc4 48. Rd2 Kc3 49. Rf2 Rd5 50. Rf3+ Rd3 51. Rf5 Kb2
52. Rf2+ Kb1 53. Rf4 1/2-1/2